| 000 | 00671 a2200217 4500 | ||
|---|---|---|---|
| 999 |
_c32209 _d32209 |
||
| 003 | OSt | ||
| 005 | 20260213165228.0 | ||
| 008 | 260213b ||||| |||| 00| 0 eng d | ||
| 020 | _a9780140446036 | ||
| 040 | _c. | ||
| 082 |
_a320.954 _bK217 |
||
| 100 |
_96590 _aKautilya |
||
| 245 |
_aKautilya: The Arthashastra _cKautilya |
||
| 260 |
_bPenguin Random House India, _aHaryana : _c1992. |
||
| 300 | _aix, 819p. | ||
| 650 | 0 |
_96591 _aThe State and its Constituent Elements |
|
| 650 | 0 |
_96592 _aTreasury, Sources of Revenue, Accounts and Audit |
|
| 650 | 0 |
_96593 _aLaw and Justice |
|
| 700 |
_96594 _aRangarajan, L. N. _eEditor, Re-arranger, Translator |
||
| 942 |
_2ddc _cBK |
||